Las disidencias en los partidos políticos tradicionales / (Registro nro. 13761)
[ vista simple ]
| 000 -LEADER | |
|---|---|
| fixed length control field | 00953nam a2200253 a 4500 |
| 001 - CONTROL NUMBER | |
| control field | |
| 003 - CONTROL NUMBER IDENTIFIER | |
| control field | DO-SdBNP |
| 005 - DATE AND TIME OF LATEST TRANSACTION | |
| control field | 20211005120218.0 |
| 008 - FIXED-LENGTH DATA ELEMENTS--GENERAL INFORMATION | |
| fixed length control field | 110329s2005 dr 001 0 spa d |
| 040 ## - CATALOGING SOURCE | |
| Original cataloging agency | DO-SdBNP |
| Language of cataloging | spa |
| Transcribing agency | BPSMU |
| 082 ## - DEWEY DECIMAL CLASSIFICATION NUMBER | |
| Classification number | 324.97293 |
| Item number | F363d 2005 |
| Edition number | 22 |
| 100 1# - MAIN ENTRY--PERSONAL NAME | |
| Personal name | Fernández, Rafael |
| 245 14 - TITLE STATEMENT | |
| Title | Las disidencias en los partidos políticos tradicionales / |
| Statement of responsibility, etc. | Rafael Fernández ; prólogo por Rafael Alburquerque. |
| 260 ## - PUBLICATION, DISTRIBUTION, ETC. (IMPRINT) | |
| Place of publication, distribution, etc. | Santo Domingo : |
| Name of publisher, distributor, etc. | Universitaria, |
| Date of publication, distribution, etc. | 2005. |
| 300 ## - PHYSICAL DESCRIPTION | |
| Extent | 123 p. ; |
| Dimensions | 21 cm. |
| 490 0# - SERIES STATEMENT | |
| Series statement | Publicaciones de la Universidad Autónoma de Santo Domingo ; |
| -- | Comunicación y sociedad ; |
| Volume/sequential designation | 1203/6 |
| 500 ## - GENERAL NOTE | |
| General note | Incluye datos biográficos del autor en la contracubierta. |
| 590 ## - LOCAL NOTE (RLIN) | |
| Local note | Inventariado, 2021/VM |
| 650 #4 - SUBJECT ADDED ENTRY--TOPICAL TERM | |
| Topical term or geographic name as entry element | Partidos políticos |
| Geographic subdivision | República Dominicana |
| 651 #4 - SUBJECT ADDED ENTRY--GEOGRAPHIC NAME | |
| Geographic name | República Dominicana |
| General subdivision | Política Y Gobierno |
| Chronological subdivision | 1961- |
| 700 1# - ADDED ENTRY--PERSONAL NAME | |
| Personal name | Alburquerque, Rafael, |
| Relator term | pról. |
| 910 ## - USER-OPTION DATA (OCLC) | |
| User-option data | VMateo V. |
| 942 ## - ADDED ENTRY ELEMENTS (KOHA) | |
| Source of classification or shelving scheme | Dewey Decimal Classification |
| Koha item type | Libros |
| Withdrawn status | Lost status | Source of classification or shelving scheme | Damaged status | Not for loan | Collection code | Home library | Current library | Date acquired | Source of acquisition | Full call number | Barcode | Date last seen | Price effective from | Koha item type | Total Checkouts | Copy number |
|---|---|---|---|---|---|---|---|---|---|---|---|---|---|---|---|---|
| Dewey Decimal Classification | Colección Dominicana | Biblioteca Pública Metropolitana Salomé Ureña | Biblioteca Pública Metropolitana Salomé Ureña | 10/05/2021 | Compra | BPMSU CD 324.97293 F363d 2005 | BPMSU21100046 | 10/05/2021 | 10/05/2021 | Libros | ||||||
| Dewey Decimal Classification | Colección Dominicana | Biblioteca Pública Metropolitana Salomé Ureña | Biblioteca Pública Metropolitana Salomé Ureña | 10/05/2021 | Compra | BPMSU CD 324.97293 F363d 2005 | BPMSU21100047 | 10/05/2021 | 10/05/2021 | Libros | e.2 | |||||
| Dewey Decimal Classification | Colección Dominicana | Biblioteca Pública Metropolitana Salomé Ureña | Biblioteca Pública Metropolitana Salomé Ureña | 10/05/2021 | Compra | BPMSU CD 324.97293 F363d 2005 | BPMSU26050056 | 05/11/2026 | 10/05/2021 | Libros | e.3 |